000 01041pam a2200325 i 4500
001 4107081
003 OSt
005 20140310182838.0
008 760802s1977 nyua j 001 0 eng
010 _a 75014843
040 _aDLC
_cDLC
_dDLC
042 _alcac
050 0 0 _aTT 160
_b.T279 1977
082 0 0 _aM 745.5
_bT24 1977
100 1 _aTemko, Florence.
245 1 4 _aThe big felt burger :
_band other crafts projects to relish /
_cTemko, Florence ; illustrated by Winchester, Linda
260 _aMiddletown, Connecticut :
_bWeekly Reader Books,
_cc1977.
300 _a96 p.
_bill. ;
_c18 cm.
500 _aIncludes indexes.
520 _aInstructions for creating and decorating a variety of items with easily available materials.
521 _aCollege Students
526 _c1210L-1700L
541 _j1
562 _e1
650 0 _aHandicraft
_xJuvenile literature.
650 1 _aHandicraft.
700 1 _aWinchester, Linda.
906 _a7
_bcbc
_corignew
_d1
_eocip
_f19
_gy-gencatlg
942 _2lcc
_cBK
_kM
999 _c16802
_d16802